A közoktatás és közmüvelődés [!közművelődés] együttmüködése [!együttműködése] és fejlesztésének távlatai

Elmentve itt :
Bibliográfiai részletek
Szerző: Kormos Sándor
Testületi szerző: TIT Szegedi Művelődéselméleti Nyári Egyetem (11.) (1982) (Szeged)
Dokumentumtípus: Könyv része
Megjelent: 1982
Sorozat:Szegedi Nyári Egyetem : művelődéselmélet 11
Közoktatás és közművelődés : összeállítás a TIT Szegedi 11. Művelődéselméleti Nyári Egyetemén elhangzott előadásokból 11
Kulcsszavak:Közművelődés és közoktatásügy - Magyarország - 1980-as évek, Művelődési intézmények - együttműködés iskolával
Tárgyszavak:
Online Access:http://acta.bibl.u-szeged.hu/44938
LEADER 01175naa a2200241 i 4500
001 acta44938
005 20220128145829.0
008 170705s1982 hu o 0|| hun d
020 |a 963 01 4948 6 
022 |a 0139-4118 
040 |a SZTE Egyetemi Kiadványok Repozitórium  |b hun 
041 |a hun 
100 1 |a Kormos Sándor 
245 1 2 |a A közoktatás és közmüvelődés [!közművelődés] együttmüködése [!együttműködése] és fejlesztésének távlatai  |h [elektronikus dokumentum] /  |c  Kormos Sándor 
260 |c 1982 
300 |a 15-26 
490 0 |a Szegedi Nyári Egyetem : művelődéselmélet  |v 11 
490 0 |a Közoktatás és közművelődés : összeállítás a TIT Szegedi 11. Művelődéselméleti Nyári Egyetemén elhangzott előadásokból  |v 11 
650 4 |a Társadalomtudományok 
650 4 |a Oktatástudomány 
695 |a Közművelődés és közoktatásügy - Magyarország - 1980-as évek, Művelődési intézmények - együttműködés iskolával 
710 |a TIT Szegedi Művelődéselméleti Nyári Egyetem (11.) (1982) (Szeged) 
856 4 0 |u http://acta.bibl.u-szeged.hu/44938/1/sznye_muveledoselmelet_011_015-026.pdf  |z Dokumentum-elérés